Super League 1 Πόλεις - Ξαθνικός Θάνατος - Statistics

General Stats
  • This quiz has been taken 14 times
  • The average score is 6 of 13
Answers on the Grid
Answers color-coded by a green-red scale on the quiz's grid according to % correct below.
Αγρίνιο
Αθήνα
Αιγάλεω
Άργος
Βόλος
Ηλιούπολη
Ηράκλειο
Θεσσαλονίκη
Ιωάννινα
Καλαμάτα
Καλλιθέα
Καρδίτσα
Κηφισιά
Λαμία
Λάρισα
Λιβαδειά
Νέα Σμύρνη
Νέα Φιλαδέλφεια
Πειραιάς
Περιστέρι
Ρόδος
Σέρρες
Σπάρτη
Τρίκαλα
Τρίπολη
Χανιά
 
Answer Stats
Answer % Correct
Αθήνα
90%
Θεσσαλονίκη
70%
Βόλος
60%
Ηράκλειο
50%
Πειραιάς
50%
Αγρίνιο
40%
Λάρισα
40%
Σέρρες
40%
Λιβαδειά
30%
Τρίπολη
30%
Κηφισιά
20%
Περιστέρι
20%
Νέα Φιλαδέλφεια
10%
No matching quizzes found
Score Distribution
Percent of People with Each Score
Percentile by Number Answered
Your Score History
You have not taken this quiz